| 000 | 00373nam a22001217a 4500 | ||
|---|---|---|---|
| 008 | 230703b xxu||||| |||| 00| 0 eng d | ||
| 082 |
_a352.7 _bFIS |
||
| 100 | _cInternational Personel Management association | ||
| 245 |
_aPublic Personel Management _bVolume 10 No. 1 |
||
| 260 |
_aUSA _bInternational Personel Management association _c1981 |
||
| 300 | _a201p | ||
| 942 |
_2ddc _cBK |
||
| 999 |
_c3137 _d3137 |
||